Music Quiz

Random Music or Clip Quiz

Top 50 Pop Songs of 2014 Quiz Stats

Quiz Updated Jun 17, 2018

Challenge
Share
Tweet
Score 0/50 Timer 15:00
7 Plays Today
Starting Time Title % Correct
0:00 (#50)Roar
95.5%
1:10 (#43)Wrecking Ball
88.1%
3:50 (#27)Shake It Off
86.3%
6:30 (#11)Happy
85.3%
2:10 (#37)Royals
83.9%
0:50 (#45)Chandelier
81.1%
4:20 (#24)All About That Bass
81%
7:30 (#5)All Of Me
78.4%
6:10 (#13)Stay With Me
78.3%
7:40 (#4)Timber
77.5%
6:20 (#12)Burn
77.4%
6:00 (#14)Fancy
76.1%
3:10 (#31)Bang Bang
76%
8:10 (#1)Dark Horse
75.9%
2:00 (#38)Let Her Go
75.4%
6:40 (#10)Rude
73.2%
1:30 (#41)Say Something
73.1%
5:20 (#18)Wake Me Up
72.5%
7:20 (#6)The Monster
72.4%
3:20 (#30)Turn Down For What
70.9%
5:10 (#19)Story Of My Life
70.9%
5:40 (#16)Problem
70.5%
7:50 (#3)Talk Dirty
70.3%
4:30 (#23)Boom Clap
70.2%
8:00 (#2)Counting Stars
69.5%
Starting Time Title % Correct
4:50 (#21)Summer
69.4%
1:00 (#44)Don't
68.7%
4:10 (#25)Black Widow
68.1%
4:00 (#26)Best Day Of My Life
66.4%
4:40 (#22)Demons
65%
6:50 (#9)Pompeii
63.5%
2:40 (#34)Rather Be
61.5%
3:00 (#32)Break Free
61%
0:30 (#47)Sing
59.9%
0:10 (#49)The Man
59.6%
2:50 (#33)Stay The Night
59.3%
3:30 (#29)Classic
58.8%
2:20 (#36)Me And My Broken Heart
58.4%
7:10 (#7)Am I Wrong
58.1%
0:40 (#46)Hey Brother
57.2%
3:40 (#28)Maps
54.4%
1:40 (#40)Habits (Stay High)
49%
7:00 (#8)Team
48.3%
1:20 (#42)Don't Tell 'Em
45.3%
5:50 (#15)Latch
44.6%
5:00 (#20)Ain't It Fun
43.3%
2:30 (#35)Neon Lights
38.5%
1:50 (#39)Hold On We're Going Home
37.2%
0:20 (#48)Bailando
35%
5:30 (#17)Not A Bad Thing
24.8%

You're not logged in!

Compare scores with friends on all Sporcle quizzes.
Join for Free
OR
Log In

You Might Also Like...

Show Comments

Extras

Top Quizzes Today


Score Distribution

Your Account Isn't Verified!

In order to create a playlist on Sporcle, you need to verify the email address you used during registration. Go to your Sporcle Settings to finish the process.

Report this User

Report this user for behavior that violates our Community Guidelines.

Details: